[Event "Savigliano op"]
[Site "Savigliano"]
[Date "2009.05.31"]
[Round "5"]
[White "Roversi, Stefano"]
[Black "Ariaudo, Claudio"]
[Result "1/2-1/2"]
[WhiteElo "1871"]
[BlackElo "2023"]
[PlyCount "35"]
[EventDate "2009.05.28"]
[EventType "swiss"]
[EventRounds "6"]
[EventCountry "ITA"]
[SourceTitle "CBM 130 Extra"]
[Source "ChessBase"]
[SourceDate "2009.07.02"]
[SourceVersion "2"]
[SourceVersionDate "2009.07.15"]
[SourceQuality "1"]

1. e4 e6 2. d3 d5 3. Nd2 Nf6 4. e5 Nfd7 5. g3 c5 6. Ngf3 Nc6 7. Qe2 Qc7 8. c4 d4 9. Ne4 Ndxe5 10. Nxe5 Qxe5 11. Bf4 Qf5 12. Bd6 b6 13. Bg2 Bd7 14. 0-0 Be7 15. Rae1 Rd8 16. Bc7 Rc8 17. Bd6 Rd8 18. Bc7 1/2-1/2

[Event "Savigliano op"]
[Site "Savigliano"]
[Date "2009.05.30"]
[Round "3"]
[White "Di Chiara, Mauro"]
[Black "Ariaudo, Claudio"]
[Result "0-1"]
[WhiteElo "1869"]
[BlackElo "2023"]
[PlyCount "76"]
[EventDate "2009.05.28"]
[EventType "swiss"]
[EventRounds "6"]
[EventCountry "ITA"]
[SourceTitle "CBM 130 Extra"]
[Source "ChessBase"]
[SourceDate "2009.07.02"]
[SourceVersion "2"]
[SourceVersionDate "2009.07.15"]
[SourceQuality "1"]

1. d4 Nf6 2. Nf3 e6 3. c4 b6 4. g3 Bb7 5. Bg2 Be7 6. Nc3 Ne4 7. Qc2 Nxc3 8. Qxc3 0-0 9. 0-0 f5 10. b4 Bf6 11. Bb2 d6 12. Qb3 Qe7 13. Nd2 Bxg2 14. Kxg2 a5 15. b5 Qf7 16. e4 Nd7 17. f4 Rad8 18. e5 dxe5 19. Ba3 Be7 20. Bxe7 Qxe7 21. fxe5 Nxe5 22. Qc3 Qd6 23. Nb3 Ng4 24. a4 e5 25. dxe5 Qxe5 26. Qxe5 Nxe5 27. c5 Rd3 28. Rab1 Ng4 29. Kg1 g6 30. cxb6 cxb6 31. Rfc1 Ne5 32. Rc7 f4 33. Rb2 fxg3 34. hxg3 Rxg3+ 35. Kh2 Rff3 36. Nd4 Ng4+ 37. Kh1 Rf2 38. Rc8+ Kg7 0-1

[Event "Savigliano 6th"]
[Site "Savigliano"]
[Date "2007.06.02"]
[Round "4"]
[White "Ariaudo, Claudio"]
[Black "Aghayev, Miragha"]
[Result "0-1"]
[WhiteElo "2025"]
[BlackElo "1923"]
[PlyCount "84"]
[EventDate "2007.05.31"]
[EventType "swiss"]
[EventRounds "6"]
[EventCountry "ITA"]
[SourceTitle "EXT 2009"]
[Source "ChessBase"]
[SourceDate "2008.11.26"]
[SourceVersion "1"]
[SourceVersionDate "2008.11.26"]
[SourceQuality "1"]

1. d4 Nf6 2. c4 e6 3. Nf3 d5 4. cxd5 exd5 5. Bg5 Be7 6. Nc3 c6 7. Qc2 h6 8. Bh4 0-0 9. e3 Re8 10. Bd3 Ne4 11. Bxe4 Bxh4 12. Bh7+ Kh8 13. Bd3 Bf6 14. 0-0 Bg4 15. Nd2 Nd7 16. Rab1 a5 17. a3 b5 18. h3 Be6 19. Rfc1 Rc8 20. Qd1 g6 21. Ne2 Qb6 22. Nf4 Kg7 23. Nxe6+ fxe6 24. Qg4 Nf8 25. Nb3 h5 26. Qf3 e5 27. dxe5 Bxe5 28. Nc5 Bd6 29. b4 Ne6 30. bxa5 Qxa5 31. Nxe6+ Rxe6 32. Bxb5 Bxa3 33. Ra1 Rf8 34. Qd1 cxb5 35. Qxd5 Ref6 36. Rc5 Rxf2 37. Qe5+ Kh6 38. Rxb5 Qd2 39. Qg5+ Kh7 40. Rb7+ R2f7 41. Rb6 Bd6 42. Rba6 Qf2+ 0-1